| 000 | 00482nam a2200169Ia 4500 | ||
|---|---|---|---|
| 008 | 090201s9999 xx 000 0 und d | ||
| 010 | _aKPL-43389 | ||
| 040 | _bमराठी | ||
| 041 | _aमराठी | ||
| 082 |
_a52028 _b43389 |
||
| 100 | _aसुहास शिरवळकर | ||
| 245 |
_aझुम _cसुहास शिरवळकर |
||
| 260 |
_c2007 _bशब्दस्नेह |
||
| 300 |
_a215 _bमोठा |
||
| 600 | _aझुम | ||
| 942 | _cBOOK | ||
| 999 |
_c248477 _d248477 |
||